000 00679cam a22002413a 4500
001 19618
003 PGUSA
005 20140828083421.0
008 061026s2006||||xxu|||||s|||||000 | eng d
040 _aPGUSA
_beng
042 _adc
050 4 _aPA
100 1 _aAesop
245 1 0 _aAesop's Fables - Volume 03
_h[electronic resource] /
_cAesop
260 _bProject Gutenberg,
_c2006
506 _aPublic domain in the USA.
516 _aElectronic text
653 _aFables, Greek -- Translations into English
700 1 _aVernon Jones, V. S.
_q(Vernon Stanley)
830 0 _aProject Gutenberg
_v19618
856 4 0 _uhttp://www.gutenberg.org/ebooks/19618
942 _cEB
999 _c248873
_d248873